书目信息 |
| 题名: |
城市煤气规划
|
|
| 作者: | 章庭笏 编 | |
| 分册: | ||
| 出版信息: | 北京 中国建筑工业出版社 1981 |
|
| 页数: | 63页 | |
| 开本: | 19cm | |
| 丛书名: | 城市规划知识小丛书 | |
| 单 册: | ||
| 中图分类: | TU996.5 | |
| 科图分类: | ||
| 主题词: | 城市--煤气--供应 | |
| 电子资源: | ||
| ISBN: | ||
| 000 | 00709nam2 2200265 45 | |
| 001 | 0181006921 | |
| 005 | 20040517091549.1 | |
| 010 | @dCNY0.18 | |
| 091 | @a15040.4122 | |
| 100 | @a19950601d1981 em y0chiy0121 ea | |
| 101 | 0 | @achi |
| 102 | @aCN@b110000 | |
| 105 | @ay z 000yy | |
| 106 | @ar | |
| 200 | 10 | @a城市煤气规划@Acheng shi mei qi gui hua@f章庭笏编 |
| 210 | @a北京@c中国建筑工业出版社@d1981 | |
| 215 | @a63页@d19cm | |
| 225 | 2 | @a城市规划知识小丛书@v3 |
| 410 | 0 | @120010@a城市规划知识小丛书 |
| 606 | 0 | @a城市@x煤气@x供应 |
| 690 | @aTU996.5 | |
| 701 | 0 | @a章庭笏@Azhang ting hu@4编 |
| 801 | 0 | @aCN@b上海图书馆@c20040517 |
| 801 | 2 | @aCN@bNLC@c20040517 |
| 905 | @f1@b121700@dTU996.5@e72 | |
| 城市煤气规划/章庭笏编.-北京:中国建筑工业出版社,1981 |
| 63页;19cm.-(城市规划知识小丛书;3) |
| ISBN :CNY0.18 |
| ● |
| 相关链接 |
|
|
|
|
正题名:城市煤气规划
索取号:TU996.5/72
 
预约/预借
| 序号 | 登录号 | 条形码 | 馆藏地/架位号 | 状态 | 备注 |
| 1 | 0121700 | 001485501 | 第三借阅区/ [索取号:TU996.5/72] | 在馆 | |
| 2 | 0121701 | 001485556 | 第二样本阅览室/ [索取号:TU996.5/72] | 在馆 |